Δορυφορικές Εικόνες - Ελλάδα - Statistics

General Stats
  • This quiz has been taken 9 times
  • The average score is 15 of 16
Answer Stats
Picture Hint Answer % Correct
Πόλη Αθήνα
100%
Νησί Κρήτη
100%
Πέλαγος Αιγαίο
100%
Χερσόνησος Χαλκιδική
100%
Γεωγραφικό διαμέρισμα Πελοπόννησος
100%
Σύμπλεγμα Κυκλάδες
100%
Κόλπος Παγασητικός
100%
Νησί Χίος
100%
Όρος Όλυμπος
100%
Γέφυρα Ρίο-Αντίρριο
100%
Σύμπλεγμα Επτάνησα
100%
Νησί Ρόδος
100%
Πόλη Θεσσαλονίκη
86%
Οροσειρά Πίνδος
71%
Λίμνες Πρέσπες
71%
Περιφερειακή Ενότητα Κορινθία
57%
No matching quizzes found
Score Distribution
Percent of People with Each Score
Percentile by Number Answered
Your Score History
You have not taken this quiz